000 00894cam a22002414a 4500
001 12294522
005 20180201094832.0
008 010130s2002 njua b 001 0 eng
010 _a 2001021909
020 _a0130270210
040 _aDLC
_cDLC
_dDLC
041 _aeng
042 _apcc
080 _a372.7044 wil
082 0 0 _a372.7044 wil
_221
100 1 _a48
101 _aedu
245 1 0 _aTeaching mathematics to all children :
_cBenny F. Tucker, Ann H. Singleton, Terry L. Weaver.
504 _aIncludes bibliographical reference and index.
906 _a7
_bcbc
_corignew
_d1
_eocip
_f20
_gy-gencatlg
942 _2ddc
_cBK
999 _c41566
_d41566